Middle East Countries English To Turkish - Statistics

General Stats
  • This quiz has been taken 354 times
  • The average score is 15 of 16
Answer Stats
English Türkçe % Correct
Turkey Türkiye
100%
Iraq Irak
98%
Iran İran
98%
Israel İsrail
98%
Qatar Katar
98%
Syria Suriye
98%
Yemen Yemen
98%
Cyprus Kıbrıs
95%
Kuwait Kuveyt
95%
Lebanon Lübnan
95%
Saudi Arabia Suudi Arabistan
95%
Palestine Filistin
93%
Bahrain Bahreyn
92%
Oman Umman
86%
Jordan Ürdün
79%
UAE BAE
72%
No matching quizzes found
Score Distribution
Percent of People with Each Score
Percentile by Number Answered
Your Score History
You have not taken this quiz